| 000 | 01624nam0a22003491 4500 | ||
|---|---|---|---|
| 001 | rc\2174543 | ||
| 005 | 20110826161806.0 | ||
| 035 | _a(NLR Aleph) 006537447 | ||
| 090 |
_a6600088 _c6600088 |
||
| 100 | _a20110826d1978 |||y0rusy50 ca | ||
| 101 | 0 | _arus | |
| 102 | _aRU | ||
| 105 | _aa z ||||| | ||
| 200 | 1 |
_aО происхождении дугообразных и кольцевых структур на Земле и других планетах _e(Удар.-взрывная тектоника) _eОбзор |
|
| 210 |
_aМосква _cВИЭМС _d1978 |
||
| 215 |
_a56 с., 3 отд. л. ил. _cил. _d20 |
||
| 225 | 1 |
_aОбщая и региональная геология, геологическое картирование _fВНИИ экономики минер. сырья и геол.-развед. работ, Отрасл. ЦНТИ |
|
| 225 | 1 |
_aМеждународная система НТИ "Геоинформ" _fПостоян. комис. СЭВ по геологии |
|
| 300 | _aНа обл. авт. не указан | ||
| 320 | _aБиблиогр.: с. 48-55 (112 назв.) | ||
| 606 |
_aМетеоритные кратеры _jОбзоры литературы информационные _2psbo |
||
| 686 |
_aД390.51с81...,0 _2rubbk |
||
| 686 |
_aД823.139с81...,0 _2rubbk |
||
| 686 |
_aВ654.041,09 _2rubbk |
||
| 700 | 1 |
_aЗейлик _bБ. С. _f1931- _gБорис Семенович |
|
| 801 | 0 |
_aRU _bNLR _gpsbo |
|
| 801 | 1 |
_aRU _bELAR _2rusmarc |
|
| 852 |
_aNLR _j79-4/11408 |
||
| 899 |
_aRuMoRGB _jB 79-7/1172 |
||
| 899 |
_aRuMoRGB _jB 79-7/1173 |
||
| 942 | _cBOOK | ||
| 980 | _aNB | ||